01398nam a22001697a 4500003000900000005001700009008004100026040001300067100005000080245010200130250000600232260002300238300002000261490001500281500015700296520077500453IT-RoPau20220918175935.0121109b xxu||||| |||| 00| 0 eng d cIT-RoPau aAlberione GiacomoqFondatore Famiglia Paolina aPrediche tenute alle Pie Discepole del Divin Maestro.bVol.II Anno 1957 I numeri marginali: 1-373 a1 aRomabPDDMc?1960? a208 p.c29,5 cm aII,1vII,1 aIn questo dattiloscritto è riportata la trascrizione delle meditazioni registrate su nastro dalla viva voce del Primo Maestro , Don Giacomo Alberione aPrefazione 44) Anno Nuovo 45) Solennita' dell' Epifania del Signore 46) Il Fine della vita religiosa e della Pia Discepole 47) Il Paradiso 48) La Speranza 49) La Retta perfezione 50) La Virtù della religione e il dono dellla pietà 51) L' Umiltà 52) Le Costituzioni: via facile, sicura, necessaria 53) Vestizione 54) Pericoli dopo la professione religiosa 55) L' Apostolato del servizio sacerdotale 56) La Vocazione religiosa 57) Lo Scoraggiamento: cause-danni-rimedi 58) Il Credo ( articoli 1- 3) 59) Il Credo ( articoli 4- 8) 60) "Credo la chiesa cattolica" - La comunione dei santi 61) "Credo la remissione dei peccati" 62) "Credo la vita eterna 63) Lo Spirito della Pia Discepola 64) Il Progresso della congregazione 65) La contemplazione - lo studio